000 00513nam a2200217Ia 4500
003 OSt
005 20221005130818.0
006 a|||||r|||| 00| 0
007 ta
008 221004b |||||||| |||| 00| 0 mar d
024 _a59647
037 _cTextual
040 _aCRL
_cCRL
_bmar
041 _2mar
_amar
082 _aO155,3M99w, J2
245 0 _aSane
260 _c1952
650 _aMARATHI LITERATURE
_938000
942 _hO155,3M99w, J2
_cTEXL
_2cc
999 _c1058485
_d1058485